[Event "Titled Tuesday intern op 04th Feb Early"]
[Site "Chess.com INT"]
[Date "2025.02.04"]
[Round "10"]
[White "Jaskolka, Tomasz"]
[Black "Spichkin, Alexander"]
[Result "1-0"]
[WhiteElo "2198"]
[BlackElo "2035"]
[PlyCount "125"]
[EventDate "2025.02.04"]
[EventType "swiss (blitz)"]
[EventRounds "11"]
[EventCountry "USA"]
[SourceTitle "CB07_2025"]
[SourceDate "2025.02.12"]
[SourceVersion "1"]
[SourceVersionDate "2025.02.12"]
[SourceQuality "1"]

1. e4 e5 2. d4 exd4 3. Qxd4 Nc6 4. Qd3 Bc5 5. Nf3 Qe7 6. Nc3 Nf6 7. Bg5 Ne5 8. Nxe5 Qxe5 9. f4 Qd4 10. Qxd4 Bxd4 11. Nb5 Bb6 12. Bxf6 gxf6 13. Bc4 d6 14. Nc3 c6 15. h3 Rg8 16. Kf1 Be6 17. Bd3 0-0-0 18. Rd1 h5 19. Be2 Kc7 20. Bxh5 f5 21. Bf3 Be3 22. Ne2 fxe4 23. Bxe4 d5 24. Bf3 Bf5 25. c3 Be6 26. g4 f5 27. g5 c5 28. Kg2 d4 29. cxd4 cxd4 30. Nc1 Bxf4 31. h4 Bc4 32. Nd3 Be3 33. Rc1 b5 34. b3 Bxc1 35. Rxc1 Rge8 36. bxc4 bxc4 37. Rxc4+ Kb6 38. Nf4 d3 39. g6 d2 40. h5 Re3 41. Rb4+ Ka5 42. Rb1 Re1 43. Rd1 Rde8 44. h6 Rxd1 45. Bxd1 Re1 46. Bf3 Re3 47. Bd1 Re1 48. Bc2 Rc1 49. Bb3 Rc3 50. g7 Rxb3 51. g8Q d1Q 52. Qxb3 Qg4+ 53. Qg3 Qd1 54. Qc3+ Ka6 55. Qd3+ Qxd3 56. Nxd3 Kb5 57. h7 Kc4 58. h8Q Kxd3 59. Qe5 Kc2 60. Qxf5+ Kb2 61. Qa5 a6 62. Qxa6 Kc3 63. Qb5 1-0

[Event "Titled Tuesday intern op 04th Feb Late"]
[Site "Chess.com INT"]
[Date "2025.02.04"]
[Round "2"]
[White "Spichkin, Alexander"]
[Black "Krsnik Cohar, Ivan Vihor"]
[Result "0-1"]
[WhiteElo "2035"]
[BlackElo "2362"]
[PlyCount "54"]
[EventDate "2025.02.04"]
[EventType "swiss (blitz)"]
[EventRounds "11"]
[EventCountry "USA"]
[SourceTitle "CB07_2025"]
[SourceDate "2025.02.12"]
[SourceVersion "1"]
[SourceVersionDate "2025.02.12"]
[SourceQuality "1"]

1. f4 d5 2. Nf3 c6 3. e3 Bf5 4. b3 h6 5. Bb2 Nd7 6. Be2 Ngf6 7. 0-0 e6 8. d3 Bc5 9. Ne5 Bxe3+ 10. Kh1 Bb6 11. Nxd7 Qxd7 12. Bxf6 gxf6 13. Nd2 h5 14. Nf3 h4 15. h3 0-0-0 16. d4 Bc7 17. Qd2 Rdg8 18. c4 Be4 19. c5 Rg3 20. Qe3 Rhg8 21. Rf2 e5 22. fxe5 fxe5 23. dxe5 Bxe5 24. Raf1 Qxh3+ 25. Nh2 Rxe3 26. Bg4+ Rxg4 27. Rxf7 Qxh2# 0-1

[Event "Titled Tuesday intern op 04th Feb Early"]
[Site "Chess.com INT"]
[Date "2025.02.04"]
[Round "4"]
[White "Spichkin, Alexander"]
[Black "Shafer, Logan Clark"]
[Result "0-1"]
[WhiteElo "2035"]
[BlackElo "2162"]
[PlyCount "98"]
[EventDate "2025.02.04"]
[EventType "swiss (blitz)"]
[EventRounds "11"]
[EventCountry "USA"]
[SourceTitle "CB07_2025"]
[SourceDate "2025.02.12"]
[SourceVersion "1"]
[SourceVersionDate "2025.02.12"]
[SourceQuality "1"]

1. f4 e5 2. d3 Nc6 3. Nf3 d6 4. Nc3 g6 5. e4 Bg7 6. Be2 Nge7 7. 0-0 0-0 8. Be3 f5 9. Qe1 exf4 10. Bd2 fxe4 11. dxe4 Ne5 12. Qh4 N7c6 13. Qxd8 Nxd8 14. Nd5 c6 15. Nxf4 Nxf3+ 16. Rxf3 Bxb2 17. Rb1 Bd4+ 18. Kh1 Bg4 19. Bc4+ d5 20. Rg3 dxc4 21. Rxg4 b5 22. Ba5 Be5 23. Bxd8 Rfxd8 24. Ne6 Rd2 25. Rc1 Re8 26. Ng5 Bb2 27. Rf1 Rxc2 28. h4 Bg7 29. h5 h6 30. Nh3 g5 31. Nf2 Re2 32. a4 c3 33. Nd1 c2 34. Nf2 Rxf2 35. Rxf2 c1Q+ 36. Kh2 Be5+ 37. g3 Qe3 38. Kg2 Rf8 39. Rxf8+ Kxf8 40. a5 Qe2+ 41. Kh3 Qf1+ 42. Kh2 Qf2+ 43. Kh3 Qg1 44. Rf4+ gxf4 45. Kg4 Qxg3+ 46. Kf5 Qg5+ 47. Ke6 Qf6+ 48. Kd7 Qd6+ 49. Kc8 Qc7# 0-1

[Event "Titled Tuesday intern op 28th Jan Early"]
[Site "Chess.com INT"]
[Date "2025.01.28"]
[Round "3"]
[White "Asish, Panda"]
[Black "Spichkin, Alexander"]
[Result "1-0"]
[WhiteElo "1903"]
[BlackElo "2035"]
[PlyCount "87"]
[EventDate "2025.01.28"]
[EventType "swiss (blitz)"]
[EventRounds "11"]
[EventCountry "USA"]
[SourceTitle "CB06_2025"]
[SourceDate "2025.02.05"]
[SourceVersion "1"]
[SourceVersionDate "2025.02.05"]
[SourceQuality "1"]

1. e4 e5 2. Nf3 d5 3. Nxe5 Bd6 4. d4 dxe4 5. Qe2 Bxe5 6. dxe5 Qd5 7. Bf4 Bf5 8. Nc3 Qa5 9. g4 Bg6 10. Bg2 Nc6 11. 0-0-0 h5 12. h3 Nge7 13. Bxe4 Bxe4 14. Qxe4 hxg4 15. hxg4 Rxh1 16. Qxh1 Ng6 17. Bg3 Rd8 18. Rxd8+ Kxd8 19. f4 Qb4 20. Qf3 Qd4 21. b3 Nb4 22. a3 Na6 23. Qd3 Qxd3 24. cxd3 Nc5 25. Kc2 c6 26. d4 Ne6 27. Ne2 Ne7 28. Kd3 Nd5 29. f5 Ng5 30. Bh4 f6 31. Bxg5 fxg5 32. Nc3 Nf4+ 33. Kc4 Nh3 34. Ne4 Nf2 35. Nxf2 Ke7 36. Ne4 g6 37. f6+ Kf7 38. Nxg5+ Kf8 39. e6 Ke8 40. Kc5 Kf8 41. Kd6 Ke8 42. e7 b6 43. Ke6 b5 44. f7# 1-0

[Event "Titled Tuesday intern op 28th Jan Early"]
[Site "Chess.com INT"]
[Date "2025.01.28"]
[Round "5"]
[White "Miserendino, Alfredo"]
[Black "Spichkin, Alexander"]
[Result "0-1"]
[WhiteElo "2032"]
[BlackElo "2035"]
[PlyCount "52"]
[EventDate "2025.01.28"]
[EventType "swiss (blitz)"]
[EventRounds "11"]
[EventCountry "USA"]
[SourceTitle "CB06_2025"]
[SourceDate "2025.02.05"]
[SourceVersion "1"]
[SourceVersionDate "2025.02.05"]
[SourceQuality "1"]

1. e4 e5 2. Nf3 d5 3. exd5 e4 4. Qe2 Nf6 5. Nc3 Be7 6. Nxe4 Nxd5 7. d4 0-0 8. Be3 Re8 9. Ned2 f5 10. g3 f4 11. gxf4 Bd6 12. 0-0-0 Nxf4 13. Qe1 Bg4 14. Bc4+ Kh8 15. Rg1 Bh5 16. Qf1 Nc6 17. Kb1 Qf6 18. Re1 a6 19. Ng5 b5 20. Nde4 Qf5 21. Bd3 Nxd3 22. cxd3 Bf4 23. Qg2 Bg6 24. h4 Nb4 25. Rd1 Bxg5 26. Bxg5 Nxd3 0-1

[Event "Titled Tuesday intern op 28th Jan Early"]
[Site "Chess.com INT"]
[Date "2025.01.28"]
[Round "8"]
[White "Setumadhav, Yellumahanthi"]
[Black "Spichkin, Alexander"]
[Result "1/2-1/2"]
[WhiteElo "2334"]
[BlackElo "2035"]
[PlyCount "87"]
[EventDate "2025.01.28"]
[EventType "swiss (blitz)"]
[EventRounds "11"]
[EventCountry "USA"]
[SourceTitle "CB06_2025"]
[SourceDate "2025.02.05"]
[SourceVersion "1"]
[SourceVersionDate "2025.02.05"]
[SourceQuality "1"]

1. Nf3 f5 2. d4 Nf6 3. c4 e6 4. g3 d6 5. Bg2 Be7 6. 0-0 0-0 7. Nc3 a5 8. Qc2 Nc6 9. d5 Nb4 10. Qb3 e5 11. Be3 Nd7 12. c5 Kh8 13. a3 Na6 14. c6 bxc6 15. dxc6 Nac5 16. Qc2 Nf6 17. Bxc5 dxc5 18. Nxe5 Bd6 19. Nc4 Ba6 20. Nxd6 Qxd6 21. Rfd1 Qe5 22. Qd2 Rae8 23. e3 Ne4 24. Qc2 h6 25. Rd7 Bc8 26. Rd5 Qe7 27. Nxe4 fxe4 28. Qxc5 Qf7 29. Rd2 a4 30. Rad1 Bg4 31. Rc1 Rd8 32. Qc3 Qf5 33. Qc2 Rde8 34. Rd4 Bf3 35. Bxf3 Qxf3 36. Rf1 h5 37. Qd1 Qf5 38. Rd5 Re5 39. Rxe5 Qxe5 40. Qd4 Qf5 41. Qd7 Qe5 42. Qd4 Qf5 43. Qd7 Qe5 44. Qd4 1/2-1/2

[Event "Titled Tuesday intern op 28th Jan Early"]
[Site "Chess.com INT"]
[Date "2025.01.28"]
[Round "7"]
[White "Spichkin, Alexander"]
[Black "Attieh, Skye"]
[Result "1-0"]
[WhiteElo "2035"]
[BlackElo "1769"]
[PlyCount "75"]
[EventDate "2025.01.28"]
[EventType "swiss (blitz)"]
[EventRounds "11"]
[EventCountry "USA"]
[SourceTitle "CB06_2025"]
[SourceDate "2025.02.05"]
[SourceVersion "1"]
[SourceVersionDate "2025.02.05"]
[SourceQuality "1"]

1. f4 d5 2. Nf3 e6 3. e3 Bd6 4. b3 Nf6 5. Bb2 0-0 6. Bd3 Re8 7. Ne5 Nbd7 8. 0-0 c5 9. Rf3 h6 10. Rg3 b6 11. a4 Bxe5 12. fxe5 Ne4 13. Bxe4 dxe4 14. Qg4 g6 15. Qxe4 Ba6 16. Nc3 g5 17. h4 f5 18. exf6 Nxf6 19. Qg6+ Kf8 20. Qxh6+ Ke7 21. hxg5 Nd5 22. Qg7+ Kd6 23. Ne4+ Kc6 24. c4 Nb4 25. Bf6 Qd3 26. Be5 Rac8 27. Nf6 Rg8 28. Qd7+ Qxd7 29. Nxd7 Kxd7 30. d4 Nd3 31. Rf1 Nxe5 32. dxe5 Kc6 33. Rf6 Kd7 34. Rf7+ Kc6 35. Rf6 Kd7 36. g6 Rcd8 37. Rh3 Ke8 38. Rh7 1-0

[Event "Titled Tuesday intern op 10th Sep Late"]
[Site "Chess,com INT"]
[Date "2024.09.10"]
[Round "2"]
[White "Spichkin, Alexander"]
[Black "Garcia Ramos, Daniel"]
[Result "0-1"]
[WhiteElo "2035"]
[BlackElo "2415"]
[PlyCount "142"]
[EventDate "2024.09.10"]
[EventType "swiss (blitz)"]
[EventRounds "11"]
[EventCountry "USA"]
[SourceTitle "EXT 2025"]
[Source "ChessBase"]
[SourceDate "2024.10.14"]
[SourceVersion "1"]
[SourceVersionDate "2024.10.14"]
[SourceQuality "1"]

1. f4 Nh6 2. Nf3 d5 3. e3 g6 4. Be2 Bg7 5. 0-0 c5 6. d3 Nc6 7. Qe1 Nf5 8. c3 h5 9. e4 dxe4 10. dxe4 Nd6 11. Nbd2 b6 12. Ng5 e5 13. Nc4 f6 14. fxe5 Nxc4 15. Bxc4 Nxe5 16. Bb5+ Bd7 17. Ne6 Qe7 18. Nc7+ Kf7 19. Nd5 Bxb5 20. Nxe7 Kxe7 21. Bf4 Bxf1 22. Qxf1 Rad8 23. Qa6 Rd7 24. a4 Nd3 25. Bg3 h4 26. Be1 Nxe1 27. Rxe1 Re8 28. a5 bxa5 29. Qxa5 Kf7 30. Qxc5 Re5 31. Qc4+ Ke7 32. Ra1 Bh6 33. Re1 a5 34. h3 Bf4 35. b4 axb4 36. cxb4 Bg3 37. Rc1 Kf8 38. Qc8+ Ke7 39. Rc7 Red5 40. Rxd7+ Rxd7 41. Kf1 g5 42. b5 Rd6 43. Qc5 Ke6 44. b6 Bf4 45. b7 Rd1+ 46. Ke2 Rd2+ 47. Ke1 Rb2 48. Qc8+ Kf7 49. Qd7+ Kg6 50. e5 Bxe5 51. Qe8+ Kg7 52. Qe7+ Kg6 53. Kd1 Rb6 54. Kc2 Rb2+ 55. Kd3 Rb3+ 56. Kc4 Rb1 57. Kd5 Kf5 58. Qe6+ Kf4 59. Qc6 Rb2 60. Ke6 Kg3 61. Kf5 Kh2 62. Kg4 Rxg2+ 63. Kf5 Rb2 64. Ke4 Kxh3 65. Qd7+ g4 66. Kf5 Rf2+ 67. Kg6 Kg3 68. Kh5 h3 69. Qxg4+ Kh2 70. Qf5 Rxf5+ 71. Kg4 Rf4+ 0-1

[Event "Titled Tuesday intern op 27th Aug Late"]
[Site "Chess.com INT"]
[Date "2024.08.27"]
[Round "1"]
[White "Baziuk, Vladyslav"]
[Black "Spichkin, Alexander"]
[Result "1-0"]
[WhiteElo "2215"]
[BlackElo "2035"]
[PlyCount "91"]
[EventDate "2024.08.27"]
[EventType "swiss (blitz)"]
[EventRounds "11"]
[EventCountry "USA"]
[SourceTitle "EXT 2025"]
[Source "ChessBase"]
[SourceDate "2024.10.14"]
[SourceVersion "1"]
[SourceVersionDate "2024.10.14"]
[SourceQuality "1"]

1. e4 e5 2. Nf3 d5 3. exd5 e4 4. Qe2 Nf6 5. d3 Bb4+ 6. c3 0-0 7. dxe4 Bc5 8. Bg5 c6 9. dxc6 bxc6 10. Nbd2 Ba6 11. Qd1 Ng4 12. Bxa6 Bxf2+ 13. Ke2 f6 14. Bc4+ Kh8 15. h3 Ne5 16. Nxe5 fxg5 17. Ndf3 Qf6 18. Nf7+ Rxf7 19. Bxf7 Qxf7 20. Qd8+ Qg8 21. Qxg8+ Kxg8 22. Kxf2 Nd7 23. Nxg5 Nc5 24. Ke3 h6 25. Nf3 Re8 26. e5 Na4 27. Rab1 c5 28. Rhc1 c4 29. b3 Nb6 30. Ke4 Rd8 31. Rd1 Rc8 32. b4 Na4 33. Rbc1 Nb2 34. Rd7 Nd3 35. Rxd3 cxd3 36. Kxd3 Rd8+ 37. Nd4 Kf7 38. Ke4 Ke7 39. c4 Rf8 40. Rc2 Rf1 41. c5 Kd7 42. Kd5 Rd1 43. e6+ Kc7 44. c6 Re1 45. Re2 Rd1 46. e7 1-0

[Event "Titled Tuesday intern op 27th Aug Early"]
[Site "Chess.com INT"]
[Date "2024.08.27"]
[Round "7"]
[White "Misailovic, Nebojsa"]
[Black "Spichkin, Alexander"]
[Result "1-0"]
[WhiteElo "2373"]
[BlackElo "2035"]
[PlyCount "103"]
[EventDate "2024.08.27"]
[EventType "swiss (blitz)"]
[EventRounds "11"]
[EventCountry "USA"]
[SourceTitle "EXT 2025"]
[Source "ChessBase"]
[SourceDate "2024.10.14"]
[SourceVersion "1"]
[SourceVersionDate "2024.10.14"]
[SourceQuality "1"]

1. d4 e6 2. Nf3 f5 3. c4 Nf6 4. Nc3 b6 5. g3 Bb4 6. Bg2 Bxc3+ 7. bxc3 Bb7 8. Ba3 Ne4 9. Qc2 Nc6 10. 0-0 d6 11. d5 Na5 12. Nd4 Nxc4 13. Qa4+ Qd7 14. Qxc4 Nd2 15. Qd3 Nxf1 16. Nxe6 Nxg3 17. Qxg3 g6 18. c4 Qf7 19. Bb2 Rg8 20. e4 Kd7 21. e5 g5 22. Nxg5 Qg6 23. e6+ Kc8 24. Nf7 Ba6 25. Rc1 Kb7 26. Qxg6 Rxg6 27. Kf1 Rg4 28. Bf3 Rxc4 29. Rxc4 Bxc4+ 30. Kg2 Bxa2 31. e7 Re8 32. Bf6 Bc4 33. Ng5 a5 34. Ne6 a4 35. Ng7 Rg8 36. e8Q Rxe8 37. Nxe8 b5 38. Bc3 Kb6 39. Ng7 a3 40. Nxf5 a2 41. Ne3 Bd3 42. Kg3 Kc5 43. Kf4 b4 44. Ba1 b3 45. Be4 Bc4 46. Nxc4 Kxc4 47. Ke3 Kb4 48. Kd3 Ka3 49. Kc3 Ka4 50. f4 Kb5 51. f5 c5 52. dxc6 1-0

[Event "Titled Tuesday intern op 27th Aug Late"]
[Site "Chess.com INT"]
[Date "2024.08.27"]
[Round "5"]
[White "Spichkin, Alexander"]
[Black "Kovacevic, Radmila"]
[Result "0-1"]
[WhiteElo "2035"]
[BlackElo "2062"]
[PlyCount "58"]
[EventDate "2024.08.27"]
[EventType "swiss (blitz)"]
[EventRounds "11"]
[EventCountry "USA"]
[SourceTitle "EXT 2025"]
[Source "ChessBase"]
[SourceDate "2024.10.14"]
[SourceVersion "1"]
[SourceVersionDate "2024.10.14"]
[SourceQuality "1"]

1. f4 e5 2. d3 exf4 3. Bxf4 Qf6 4. Qc1 Bc5 5. Nf3 d6 6. Nc3 Bb4 7. Bd2 Be6 8. e4 Nc6 9. Be2 Nd4 10. Nxd4 Qxd4 11. Nb5 Bxd2+ 12. Qxd2 Qxb2 13. Qc3 Qxb5 14. Qxg7 Qe5 15. Qxe5 dxe5 16. 0-0 Ne7 17. Bh5 Ng6 18. g3 0-0-0 19. a4 a5 20. Rab1 Rd4 21. Rb5 Rxa4 22. c4 c6 23. Rb6 Kc7 24. Rfb1 Rb8 25. Bd1 Ra3 26. Bc2 Nf8 27. Kf2 Nd7 28. R6b2 Nc5 29. Ke3 Bxc4 0-1